000 00712nam a2200241Ia 4500
003 OSt
005 20220918223716.0
006 a|||||r|||| 00| 0
007 ta
008 220917b |||||||| |||| 00| 0 eng d
024 _a224,856
037 _cTextual
040 _aARTS
_cARTS
_beng
041 _2eng
_aeng
082 _aV3-687:17.N65<-N45, P4
100 _aPercox David
_9146482
245 0 _aBritain, Kenya and the cold war
_b Imperial defence, colonial security and decolonisation
260 _aLondon
_bTauris academic studies
_c2004
300 _a252p
_ccm.
650 _aHISTORY
942 _hV3-687:17.N65<-N45, P4
_cTEXL
_2CC
999 _c279288
_d279288